000 01660cam a22003251i 4500
003 SA-RiAUC
005 20250922060818.0
008 250918s1993 su g b 00100 ara c
040 _aSA-RiAUC
_bara
_cSA-RiAUC
_erda
082 0 4 _a252.2
_qSA-RiAUC
090 _a252.2
_bش م س
100 1 _aشمس الدين الرملي، محمد بن أحمد بن حمزة،
_d919-1004 هجري
_eمؤلف.
245 1 0 _aغاية المرام في شرح شروط المأموم والإمام /
_cتأليف شمس الدين محمد بن أحمد الرملي الشافعي ؛ تحقيق مساعد بن قاسم الفالح.
250 _aالطبعة الأولى.
264 1 _aالرياض :
_bمكتبة المعارف للنشر والتوزيع،
_c1993.
300 _a147 صفحة ؛
_c24 سم
336 _aنص
_btxt
_2rdacontent
_3كتاب
337 _aبدون وسيط
_bn
_2rdamedia
338 _aمجلد
_bnc
_2rdacarrier
500 _aكشافات : صفحة 133-139.
504 _aببليوجرافية : صفحة 140-144.
504 _aيشتمل على إرجاعات ببليوجرافية.
650 7 _aالصلاة (فقه إسلامي)
_2aucsh
650 7 _aالإمامة في الصلاة
_2aucsh
650 7 _aالعبادات (فقه إسلامي)
_2aucsh
700 1 _aالفالح، مساعد بن قاسم،
_d1375 هجري-
_eمحقق.
700 1 2 _iتحقيق لـ (عمل) :
_aشمس الدين الرملي، محمد بن أحمد بن حمزة،
_d919-1004 هجري.
_tغاية المرام في شرح شروط المأموم والإمام
942 _2ddc
_cBOOK
_n0
949 _aSA-JeALM
_d250918
_umohamedma123
_n1
999 _c11971
_d11971